UBT Library

Contemporary medical surgical nursing; (Record no. 1538)

000 -LEADER
fixed length control field 00329nam a22001217a 4500
008 - FIXED-LENGTH DATA ELEMENTS--GENERAL INFORMATION
fixed length control field 160423b xxu||||| |||| 00| 0 eng d
020 ## - INTERNATIONAL STANDARD BOOK NUMBER
International Standard Book Number 9781418073282
020 ## - INTERNATIONAL STANDARD BOOK NUMBER
International Standard Book Number 14180732888
041 ## - LANGUAGE CODE
Language code of text/sound track or separate title eng
080 ## - UNIVERSAL DECIMAL CLASSIFICATION NUMBER
Universal Decimal Classification number 618.2
245 ## - TITLE STATEMENT
Title Contemporary medical surgical nursing;
Statement of responsibility, etc Rick Daniels ; Laura Nosek; Leslie Nicoll;
942 ## - ADDED ENTRY ELEMENTS (KOHA)
Source of classification or shelving scheme
Item type Books
Holdings
Withdrawn status Lost status Source of classification or shelving scheme Damaged status Not for loan Collection code Permanent location Current location Shelving location Date acquired Total Checkouts Full call number Barcode Date last seen Price effective from Koha item type
          Koleksioni i përgjithshem UBT - Lipjan UBT - Lipjan Koleksioni i përgjithshem 04/23/2016   618.2 HOM 002-027781 04/23/2016 04/23/2016 Books
          Koleksioni i përgjithshem UBT - Lipjan UBT - Lipjan Koleksioni i përgjithshem 04/23/2016   618.2 HOM 002-027782 01/04/2017 04/23/2016 Books
          Koleksioni i përgjithshem UBT - Lipjan UBT - Lipjan Koleksioni i përgjithshem 04/25/2016   618.2 DAN 002-027815 01/05/2017 04/25/2016 Books
          Koleksioni i përgjithshem UBT - Lipjan UBT - Lipjan Koleksioni i përgjithshem 01/05/2017   618.2 DAN 002-035889 01/05/2017 01/05/2017 Books
          Koleksioni i përgjithshem UBT - Lipjan UBT - Lipjan Koleksioni i përgjithshem 01/05/2017   618.2 DAN 002-035883 01/05/2017 01/05/2017 Books
UBT Library © 2015-2024. All rights reserved University Education for Business and Technology